Zmesi PLA/PHB pre 3D tlač diplomová práca

Saved in:
Bibliographic Details
Main Author: Vendleková, Petra
Format: Book
Language:Slovak
Published: Bratislava STU FCHPT 2019
Online Access:View in OPAC
Tags: Add Tag
No Tags, Be the first to tag this record!

MARC

LEADER 00000nam a2200000 a 4500
005 20260127134045.0
008 190702 2019 xo a 001 0 slo d
035 |a vtls011874778 
039 9 |y 201907021032  |z mschk03 
040 |a STUSCHK1  |b slo  |c STUSCHK1  |e AACR2 
100 1 |a Vendleková, Petra 
245 1 |a Zmesi PLA/PHB pre 3D tlač  |b diplomová práca  |c Petra Vendleková 
260 |a Bratislava  |b STU FCHPT  |c 2019 
300 |a 77 s.  |b Obr., tab.  |c 25 cm 
500 |a Študijný program: prírodné a syntetické polyméry 
500 |a Študijný odbor: chemické technológie 
500 |a Školiace pracovisko: Oddelenie plastov, kaučuku a vlákien 
500 |a Evid. číslo: FCHPT-13576-63618 
910 |a SCHK95 
999 |c 3086  |d 3086